Statistiche per Paesi più Vicini all'Antartide su una Mappa

Clicka qui per fare il quiz!

Statistiche generali

  • Questo quiz è stato fatto 2.493 volte
  • Il punteggio medio è 17 su 20

Risposte nella Mappa

Le risposte nella mappa del quiz sottostante sono codificate secondo una scala di colori dal rosso al verde in base alla % di persone che hanno risposto correttamente.
 

Statistiche sulle risposte

KmPaeseMiglia% Corretto
1023Argentina636
99%
1005Cile625
99%
2518Australia1564
98%
3292Brasile2045
98%
4513Madagascar2804
98%
3856Sudafrica2396
98%
2484Nuova Zelanda1543
96%
3151Uruguay1958
96%
3978Paraguay2472
95%
5094Perù3165
95%
4523Bolivia2811
94%
4236Lesotho2632
86%
4513Namibia2804
79%
4597Swaziland2856
78%
4646Mozambico2887
77%
4714Botswana2929
76%
5070Zimbabwe3151
76%
5052Mauritius3139
67%
5576Malawi3465
65%
5438Vanuatu3379
44%

Distribuzione punteggi

Percentile per numero di risposta

Percentuale di utenti per punteggio

I tuoi punteggi nel tempo

Non hai fatto questo quiz